000
00226nam a2200085Ia 4500
245
0
_a
How big is your water footprint?
100
_a
Mason, Paul New York, 2009
942
_c
BK
008
210817s9999 xx 000 0 und d
999
_c
269928
_d
269927